Statistics for WW2 quiz

Click here to take the quiz!

General Stats

  • This quiz has been taken 6,134 times
  • The average score is 9 of 12

Answer Stats

HintAnswer% Correct
Name the "Axis powers"Germany
98%
Italy
94%
United States
92%
Japan
91%
United Kingdom
88%
Name the Axis leaders in World War IIAdolf Hitler
87%
Name the Allies of World War IISoviet Union
77%
Benito Mussolini
64%
Winston Churchill
63%
Name the Allied leaders in World War IIJoseph Stalin
56%
Franklin D. Roosevelt
48%
Hirohito
43%

Score Distribution

Percentile by Number Answered

Percent of People with Each Score

Your Score History

You have not taken this quiz